00431nam a2200157Ia 4500020001800000082002400018100001800042245006200060260003700122300001000159650001200169650002300181650002900204650001900233650002100252 a81-7033-211-6 a305.513095413 MOH-; aMohanti, K.K. 0aSocial mobility and caste dynamics: the Kansari of Orissa aJaipurbRawat Publicationsc1993 a256p. aKansara aSociology - Orissa aSocial mobility - Orissa aCaste - Orissa aKansari - Orissa